| 000 | 00367nam a22001217a 4500 | ||
|---|---|---|---|
| 082 | _a330.95491 SBP | ||
| 100 | _aState Bank of Pakistan | ||
| 245 |
_aBanking Statistics of Pakistan 2006 _cState Bank of Pakistan |
||
| 260 |
_aKarachi _bPublic Relation Division SBP _c2006 |
||
| 300 | _a507p | ||
| 942 |
_2ddc _cBK |
||
| 999 |
_c586077 _d586077 |
||